Estatuts de Catalunya / per F. Frigola Palau
Descripción Física:
86 p. ; 16 p.
Colección:
Biblioteca Fitxer ; 5
Otros Autores:
Frigola Palau, F.
MARC
| LEADER | 00000nam a2200000Ia 4500 | ||
|---|---|---|---|
| 001 | 13181 | ||
| 008 | 160829s1934 xx 000 0 cat d | ||
| 080 | |a D-1-176 | ||
| 100 | |a Catalunya. Estatut (1932) | ||
| 245 | |a Estatuts de Catalunya / per F. Frigola Palau | ||
| 260 | |a [Barcelona] : |b Impremta Frigoura, |c 1934 | ||
| 300 | |a 86 p. ; |c 16 p. | ||
| 490 | |a Biblioteca Fitxer ; 5 | ||
| 590 | |a Conté: Estatut de Catalunya = Llei (Estat) 15 Setembre 1932; Estatut Interior de Catalunya = Llei (Generalitat) 26 Maig 1933 | ||
| 650 | |a Estatuts |x Catalunya |9 31895 | ||
| 650 | |a Lleis |x Catalunya |9 34329 | ||
| 700 | |a Frigola Palau, F. |9 31897 | ||
| 710 | 1 | |a Catalunya. |t Estatut (1932) |9 54030 | |
| 901 | |a Arxiu | ||
| 942 | |n 1 | ||
| 952 | |0 0 |1 0 |4 0 |6 D1176 |7 1 |9 45794 |a Arxiu |b Arxiu |d 2016-12-01 |l 0 |o D-1-176 |p 13181 |r 2016-12-01 00:00:00 |w 2016-12-01 |y ARXIU | ||
| 999 | |c 49294 |d 49294 | ||